| 000 | 00995cam a2200193 4500 | ||
|---|---|---|---|
| 008 | 000000n2000 000 0 eng u | ||
| 035 | _a(Sirsi) u105370 | ||
| 245 | _aUnitary development plan | ||
| 260 | _c2000 | ||
| 490 |
_aEstates Gazette Case Summaries _v[2000] EGCS 42 (01/04/2000) |
||
| 520 | _aQBD 17 March 2000. "Braithwaite and another v Doncaster Metropolitan BC". Applicants objecting to designation of site as green belt in draft unitary development plan. Respondents proposed modification allocating site as open space area. Applicants objected. Respondents concluded they would hold no further inquiry, and adopted the UDP. Grounds of challenge as to whether part of UDP relating to site should be quashed. Held, application was allowed. | ||
| 650 | _aUNITARY DEVELOPMENT PLAN | ||
| 650 | _aTOWN AND COUNTRY PLANNING | ||
| 650 | _aBRAITHWAITE AND ANOTHER V DONCASTER METROPOLITAN BC | ||
| 650 | _aMODIFICATION | ||
| 650 | _aGREEN BELT | ||
| 690 | _aPROPERTY | ||
| 942 | _n0 | ||
| 999 |
_c63162 _d63162 |
||